• 首页
  • 本馆介绍
  • 公告通知
  • 最新文献
  • 馆藏检索
  • 电子资源
  • 读者导购
  • 参考咨询
  • 我的图书馆
  • 登录
  • 详细信息显示
  • 放入我的书架
  • 预约/预借图书
  • 作者相关作品
  • 分类相关作品
  • 丛书相关作品
  • 出版社相关作品

书目信息

  • 表格格式
  • 工作单格式
  • 卡片格式
题名:
汤菜篇
    
 
作者: 张延年 主编
分册:  
出版信息: 北京   中国轻工业出版社  2002.01
页数: 102页
开本: 21cm
丛书名: 厨师学艺丛书
单 册:
中图分类: TS972.11
科图分类:
主题词: 饮食业--供应技术
电子资源:
ISBN: 7-5019-3501-7
000 00636nam0 2200229 45
001 0211191402
005 20021119142242.8
010    @a7-5019-3501-7@d28.00元
100    @a20021119d2002 km y0chiy0120 ea
101 0  @achi
105    @a z 000yy
200 1  @a汤菜篇@ATang Cai Pian@f张延年主编@FZhang Yan Nian Zhu Bian
210    @a北京@c中国轻工业出版社@d2002.01
215    @a102页@d21cm
225    @a厨师学艺丛书
300    @a光盘1张
410    @12001 @a厨师学艺丛书
606 0  @a饮食业@x供应技术
690    @aTS972.11@v3
701  0 @a张延年@4主编
801    @aCN@bPftUser@c20021119
905    @aBZT@b343134-137@dTS972.11@e1@f4
    
    汤菜篇/张延年主编.-北京:中国轻工业出版社,2002.01
    102页;21cm.-(厨师学艺丛书)
    光盘1张
    
    ISBN 7-5019-3501-7:28.00元
    
●
相关链接 在五车中查询图书 在当当中查询图书 在豆瓣中查询图书


正题名:汤菜篇     索取号:TS972.11/1         预约/预借

序号 登录号 条形码 馆藏地/架位号 状态 备注
1 343134   201173844   中心书库中库/ 中库024架A面2列4层15/ [索取号:TS972.11/1] 在馆    
2 343136   201173871   中心书库中库/ 中库024架A面2列4层17/ [索取号:TS972.11/1] 在馆    
3 343137   201173880   中心书库中库/ 中库024架A面2列4层19/ [索取号:TS972.11/1] 在馆    
4 343143   201173899   中心书库中库/ 中库024架A面2列4层9/ [索取号:TS972.11/1] 在馆    
山东省滨州职业学院图书馆 欢迎您!
大连网信软件有限公司© 版权所有